000 00746nam a2200217Ia 4500
999 _c37292
_d37292
003 GCL
005 20240530103151.0
008 140319s9999 xx 000 0 ara d
040 _aGCL /
_cGCL
082 0 4 _a953.07393
_bق/س م
100 1 _aسعيد عبدالفتاح عاشور
245 1 0 _aمصر والشام فى عصر الايوبيين والمماليك /
_cسعيد عبدالفتاح عاشور
260 _a[S.N] :
_bدار النهضة العربية للطباعة والنشر
300 _a402 ص
650 0 4 _aدولة المماليك
650 0 4 _aالحروب الصليبية
650 0 4 _aالتاريخ الاسلامى
650 0 4 _aالشام
650 0 4 _aالدولة الايوبية
942 _2ddc
_cBK